000 00991nam a2200253Ia 4500
003 OSt
005 20221005112134.0
006 a|||||r|||| 00| 0
007 ta
008 221004b |||||||| |||| 00| 0 pan d
020 _cIndian Rupees 100
024 _a33772
037 _bGift, 27/09/2017,
_cTextual
040 _aCRL
_cCRL
_bpan
041 _2pan
_apan
082 _aQ8441:6, 153Q2
100 _aਦਿਲਗੀਰ, ਹਰਜਿੰਦਰ ਸਿੰਘ, ਂਚ.
_9159445
245 0 _aF੍ਰੋਮਣੀ ਗੁਰਦੁਆਰਾ ਪ੍ਰਬੰਧਕ ਕਮੇਟੀ ਕਿਵੇ੍ਵ ਬਣੀ <
260 _aਅੰਮ੍ਰਿਤਸਰ
_bਸਿੱਖ ਇਤਿਹਾਸ ਰੀਸਰਚ ਬੋਹਡ ਭਾਰਤ
_c2012
300 _a448ਪ੍ਰ0
_ccm.
650 _aਸਿੱਖ ਧਰਮ
_9156314
942 _hQ8441:6, 153Q2
_cTEXL
_2cc
999 _c1023930
_d1023930